| 000 | 00506nam a2200193 a 4500 | ||
|---|---|---|---|
| 001 | 1772014066756 | ||
| 003 | YourLibrary | ||
| 005 | 20260225154031.0 | ||
| 008 | 260225s2004##################000#0#eng## | ||
| 020 | _a9780195667875 | ||
| 082 | 0 | 4 |
_a320.954 _bDIL |
| 100 | 1 |
_aMookherjee, Dilip, _eauthor. |
|
| 245 | 1 | 0 | _aThe Crisis in Government Accountability : |
| 260 | _c2004. | ||
| 300 | _a176 pages | ||
| 650 | 0 | _aBusiness & Economics. | |
| 942 | _cENGLISH | ||
| 040 |
_aYourLibrary _beng _cYourLibrary |
||
| 999 |
_c615808 _d615808 |
||